उलटा पुलटा / (Record no. 62860)

MARC details
000 -LEADER
fixed length control field 00919nam a22001697a 4500
005 - DATE AND TIME OF LATEST TRANSACTION
control field 20120215125414.0
020 ## - INTERNATIONAL STANDARD BOOK NUMBER
International Standard Book Number 8181466723
Terms of availability 95.00
082 ## - DEWEY DECIMAL CLASSIFICATION NUMBER
Classification number
245 ## - TITLE STATEMENT
Title उलटा पुलटा /
Statement of responsibility, etc टी आर राजेश द्वारा चित्रांकित;प्रिया कृष्णन द्वारा अनुदित
260 ## - PUBLICATION, DISTRIBUTION, ETC. (IMPRINT)
Place of publication, distribution, etc चैन्नई
Name of publisher, distributor, etc तूलिका पब्लिशिंग
Date of publication, distribution, etc 2009
270 ## - ADDRESS
Address 13, पृथ्वी ऐवन्यु,अभिरमपुरम
City चैन्नई
Postal code 600018
300 ## - PHYSICAL DESCRIPTION
Extent अ.पृ
Other physical details सचित्र
Dimensions 20सेमी (अजिल्द)
700 ## - ADDED ENTRY--PERSONAL NAME
9 (RLIN) 42026
Personal name टी आर राजेश
700 ## - ADDED ENTRY--PERSONAL NAME
9 (RLIN) 42095
Personal name प्रिया कृष्णन
942 ## - ADDED ENTRY ELEMENTS (KOHA)
Source of classification or shelving scheme Dewey Decimal Classification
Item type Children Books
Classification part
Call number suffix उलटापु
Holdings
Withdrawn status Lost status Not for loan Home library Current library Date acquired Cost, normal purchase price Full call number Cost, replacement price Koha item type
    Ordered Andrews Gunj Andrews Gunj 15/02/2012 95.00 क उलटापु 95.00 Children Books

© Delhi Public Library
Hit Counter
free hit counter